Statistics for Memphis Grizzlies 2016-17 Roster

Click here to take the quiz!

General Stats

  • This quiz has been taken 115 times
    (64 since last reset)
  • The average score is 7 of 18

Answer Stats

NbrPostPlayer% Correct
33CMarc Gasol
93%
11PGMike Conley
92%
50PFZach Randolph
77%
9SGTony Allen
68%
0PFJaMychal Green
37%
25SFChandler Parsons
33%
15SFVince Carter
32%
34PFBrandan Wright
25%
23CDeyonta Davis
25%
5PGAndrew Harrison
22%
-Head CoachDavid Fizdale
22%
1PFJarell Martin
22%
10SFTroy Williams
20%
7SGWayne Selden
20%
30SGTroy Daniels
18%
4PGWade Baldwin
18%
8SFJames Ennis
17%
16PGToney Douglas
13%

Score Distribution

Percentile by Number Answered

Percent of People with Each Score

Your Score History

You have not taken this quiz since the last reset